Countries Closest to Malé - One Minute Sprint - Statistics

General Stats
  • This quiz has been taken 30 times
  • The average score is 15 of 20
Answer Stats
km country miles % Correct
607 India 377
100%
2248 Pakistan 1397
96%
760 Sri Lanka 472
92%
2579 Bangladesh 1602
85%
2958 Afghanistan 1838
81%
2391 Indonesia 1486
81%
2619 Myanmar 1628
81%
2853 United Arab Emirates 1773
81%
2663 Iran 1655
77%
2371 Oman 1473
77%
2671 Saudi Arabia 1660
77%
2286 Yemen 1420
77%
2776 Nepal 1725
69%
2173 Seychelles 1350
69%
3016 Bhutan 1874
65%
2536 Somalia 1576
65%
2770 Thailand 1721
65%
2955 China 1836
62%
2961 Malaysia 1840
62%
2855 Ethiopia 1774
42%
No matching quizzes found
Score Distribution
Percent of People with Each Score
Percentile by Number Answered
Your Score History
You have not taken this quiz